Decadencia y auge de las identidades: cultura nacional, identidad cultural y modernización /

Este artículo inicia con el argumento de que la identidad femenina como problema no es un hecho causal, por lo tanto se ofrece una propuesta de visión alternativa con respecto al tratamiento tradicional que ha tenido este tema en el interior del feminismo. Se explica la visión del psicoanálisis y su...

وصف كامل

محفوظ في:
التفاصيل البيبلوغرافية
المؤلف الرئيسي: Valenzuela Arce, José Manuel
مؤلفون آخرون: coord
التنسيق: نص
منشور في: Tijuana, BC: El Colegio de la Frontera Norte; Plaza y Valdés Editores
الموضوعات:
الوسوم: إضافة وسم
لا توجد وسوم, كن أول من يضع وسما على هذه التسجيلة!

MARC

LEADER 00000 a a2200000 04500
001 21988
003
040
090 |a 146411  
100 |a Valenzuela Arce, José Manuel  
245 |a Decadencia y auge de las identidades: cultura nacional, identidad cultural y modernización /  |c José Manuel Valenzuela Arce  
260 |a Tijuana, BC:   |b El Colegio de la Frontera Norte; Plaza y Valdés Editores  
300 |a 380 p.  
520 |a Este artículo inicia con el argumento de que la identidad femenina como problema no es un hecho causal, por lo tanto se ofrece una propuesta de visión alternativa con respecto al tratamiento tradicional que ha tenido este tema en el interior del feminismo. Se explica la visión del psicoanálisis y su concepción de identidad, que se considera como una visión que excluye los planteamientos biologista y humanista. Esto debido a que se considera que el cuerpo no es un factor decisivo para asignar una identidad de género. Señala que existe una relación estrecha entre el papel y la imagen social de las mujeres y por otro lado, la forma como se ha estructurado su identidad primaria. La propuesta de este abordaje consiste en considerar que hay algo susceptible de ser denominado como identidad (social) femenina, y que tal identidad es un factor de demarcación entre la conducta sociopolítica de hombres y mujeres. En el resto del documento se presenta una amplia justificación de la propuesta de esta categoría. /MSD  
650 |a MUJERES  
650 |a FAMILIA  
650 |a ROL DE LA MUJER  
650 |a IDENTIDAD CULTURAL  
650 |a ASPECTOS PSICOLOGICOS  
700 |a coord  
999 |c 11098  |d 11098